Państwo Australii i Oceanii na literę... - Statystyki

Ogólne statystyki
  • Ten quiz został rozwiązany 74 razy
  • Średni wynik to 9 z 10
Statystyki odpowiedzi
Litera Państwo % Poprawnych
A Australia
99%
F Fidżi
97%
N Nauru | Nowa Zelandia
96%
P Palau | Papua-Nowa Gwinea
93%
K Kiribati
91%
V Vanuatu
91%
M Mikronezja
90%
T Tonga | Tuvalu
87%
S Samoa
84%
W Wyspy Marshalla | Wyspy Salomona
79%
Nie znaleziono quizów pasujących do podanych kryteriów
Rozkład punktacji
Procent ludzi z każdym wynikiem
Percentyl według liczby udzielonych odpowiedzi
Twoja historia wyników
Nie rozwiązałeś tego quizu